000
00317nam a22001457a 4500
020
_a
978-93-81735-60
082
_a
650.03
_b
MAN
100
_a
MANGAL, RAKESH
245
_a
CULINARY TERMS (A TO Z)
260
_a
DELHI
_b
NAMAN
_c
2011
300
_a
335
650
_a
HOTEL MANAGEMENT
653
_a
TERM
942
_2
ddc
_c
BK
999
_c
8073
_d
8073